Abuse and neglect

Saved in:  
Bibliographic Details
Corporate Author: National Institute for Juvenile Justice and Delinquency Prevention. Washington, DC (Other)
Format: Print Book
Language:English
Published: Washington, DC U.S. Dept. of Justice 1977
In: Working papers of the National Task Force to Develop Standards and Goals for Juvenile Justice and Delinquency Prevention (6)
Year: 1977
Availability in Tübingen:Present in Tübingen.
UB: KB 1 B 699-6
UB: KB 1 G 589-10
Check availability: HBZ Gateway
Subito Delivery Service: Order now.

MARC

LEADER 00000cam a22000002cb4500
001 1090844476
003 DE-627
005 20230425103926.0
007 tu
008 900629s1977 xx ||||| 00| ||eng c
035 |a (DE-627)1090844476 
035 |a (DE-576)020844476 
035 |a (DE-599)BSZ020844476 
035 |a (OCoLC)1377228651 
035 |a (OCoLC)222958251 
040 |a DE-627  |b ger  |c DE-627  |e rakwb 
041 |a eng 
245 0 0 |a Abuse and neglect 
264 1 |a Washington, DC  |b U.S. Dept. of Justice  |c 1977 
300 |a VIII, 209 S. 
336 |a Text  |b txt  |2 rdacontent 
337 |a ohne Hilfsmittel zu benutzen  |b n  |2 rdamedia 
338 |a Band  |b nc  |2 rdacarrier 
490 1 |a Working papers of the National Task Force to Develop Standards and Goals for Juvenile Justice and Delinquency Prevention  |v 6 
583 1 |a Archivierung prüfen  |c 20200919  |f DE-640  |z 3  |2 pdager 
710 2 |a National Institute for Juvenile Justice and Delinquency Prevention  |g Washington, DC  |0 (DE-588)130128-7  |0 (DE-627)102425590  |0 (DE-576)190713089  |4 oth 
810 2 |a USA  |b Task Force to Develop Standards and Goals for Juvenile Justice and Delinquency Prevention  |t Working papers of the National Task Force to Develop Standards and Goals for Juvenile Justice and Delinquency Prevention  |v 6  |9 6  |w (DE-627)1098793625  |w (DE-576)028793625  |7 am 
951 |a MV 
ELC |b 1 
LOK |0 000 xxxxxcx a22 zn 4500 
LOK |0 001 2146775033 
LOK |0 003 DE-627 
LOK |0 004 1090844476 
LOK |0 005 19990806000000 
LOK |0 008 900629||||||||||||||||ger||||||| 
LOK |0 040   |a DE-21  |c DE-627  |d DE-21 
LOK |0 852   |a DE-21 
LOK |0 852 1  |c KB 1 G 589-10  |9 00 
LOK |0 866   |x Mikrokopie (Mikrofiche) 
LOK |0 935   |a krim 
LOK |0 936ln  |a k10.10.1 
LOK |0 939   |a 29-06-90  |b l01 
LOK |0 000 xxxxxcx a22 zn 4500 
LOK |0 001 2146775041 
LOK |0 003 DE-627 
LOK |0 004 1090844476 
LOK |0 005 20020606000000 
LOK |0 008 920622||||||||||||||||ger||||||| 
LOK |0 040   |a DE-21  |c DE-627  |d DE-21 
LOK |0 852   |a DE-21 
LOK |0 852 1  |c KB 1 B 699-6  |9 00 
LOK |0 935   |a krim 
LOK |0 936ln  |a k10.10.1 
LOK |0 939   |a 22-06-92  |b l02 
LOK |0 000 xxxxxcx a22 zn 4500 
LOK |0 001 214677505X 
LOK |0 003 DE-627 
LOK |0 004 1090844476 
LOK |0 005 20250306082254 
LOK |0 008 930812||||||||||||||||ger||||||| 
LOK |0 040   |a DE-21-110  |c DE-627  |d DE-21-110 
LOK |0 852   |z 2 Expl. 
LOK |0 852   |a DE-21-110 
LOK |0 852 1  |c F VI 169  |m p  |9 00 
LOK |0 935   |a k110 
LOK |0 936ln  |a 5.7 
LOK |0 938   |k p 
LOK |0 939   |a 12-08-93  |b l01 
ORI |a SA-MARC-krimdoka001.raw 
SIG |a UB: KB 1 B 699-6 
SIG |a UB: KB 1 G 589-10